Türk Ceza Kanunu reformu (Record no. 2475)

MARC details
000 -BAŞLIK
Sabit Uzunlukta Kontrol Alanı 01155na a2200301 4500
001 - KONTROL NUMARASI
Denetim Alanı 17201
003 - KONTROL NUMARASI IDENTIFIER
Denetim Alanı MIRAKIL
005 - SON İŞLEM TARİHİ VE ZAMANI
Denetim Alanı 20181213154858.0
008 - SABİT-BOY VERİ ELEMANLARI - GENEL BİLGİLER
Sabit Uzunlukta Kontrol Alanı 161023b tu 000 0
020 ## - ULUSLARARASI STANDART KİTAP NUMARASI
Uluslararası Standart Kitap Numarası 9756689552
040 ## - KATALOGLAMA KAYNAK
Orijinal Kataloglama Ajansı Milas
Kataloglama Dili tur
Metne Dönüştürmek Ajansı TR-AnCHP
041 ## - DİL KODU
Metin / Ses Parça Veya Ayrı Başlığın Dil Kodu tur
082 ## - DEWEY ONLU SINIFLANDIRMA NUMARASI
Sınıflandırma Numarası 345.0263
Ürün Numarası T66t 2004
090 ## - SINIFLAMA NUMARASI
Sınıflama Numarası 345.0263 T66t 2004
111 ## - ANA GİRİŞ - TOPLANTI ADI
Giriş Elemanı Olarak Toplantı Adı Veya Yargı Alanı Adı Toplumsal Değişim Sürecinde Türk Ceza Kanunu Reformu
Toplantının Yeri Ankara
Toplantı Veya Antlaşma İmzalandığı Tarihi 2004
245 ## - BAŞLIK TABLOSU
Başlık Türk Ceza Kanunu reformu
Başlığın Kalan Toplumsal değişim sürecinde Türk Ceza Kanunu reformu
-- Panel 21-22 mayıs 2004 Ankara
Sorumluluk Tablosu, Vb Düzenleyenler Türkiye Barolar Birliği, Gazi Üniversitesi
246 ## - UNVAN FORM VARYING
Başlık Doğru / Kısa Başlığı Toplumsal değişim sürecinde Türk Ceza Kanunu reformu
260 ## - YAYIN, DAĞITIM, VB
Yayın, Dağıtım, Vb Yeri Ankara
Yayıncı, Dağıtıcı, Vs Adı Türkiye Barolar Birliği
Yayın, Dağıtım, Vb Tarihi 2004
300 ## - FİZİKSEL TANIM
Kapsam xii, 261 s.
Boyutlar 24 sm.
490 ## - SERİSİ TABLOSU
Seri Beyanı Türkiye Barolar Birliği yayınları
Hacim / Ardışık Tanımı 68
650 ## - KONU KATMA GİRİŞ - TOPİKAL DÖNEM
Topikal Süreli Veya Coğrafi Ad Giriş Elemanı Suçlar
Genel Alt Bölümü Kamu idaresi
Coğrafi Alt Bölümü Güvenlik
650 ## - KONU KATMA GİRİŞ - TOPİKAL DÖNEM
Topikal Süreli Veya Coğrafi Ad Giriş Elemanı Suçlar
Genel Alt Bölümü Cinsel dokunulmazlık
650 ## - KONU KATMA GİRİŞ - TOPİKAL DÖNEM
Topikal Süreli Veya Coğrafi Ad Giriş Elemanı Türk Ceza Kanunu (TCK)
Genel Alt Bölümü Düşünce özgürlüğü
650 ## - KONU KATMA GİRİŞ - TOPİKAL DÖNEM
Topikal Süreli Veya Coğrafi Ad Giriş Elemanı Türk Ceza Kanunu (TCK)
Genel Alt Bölümü Suç politikası
710 ## - KATMA GİRİŞ - KURUMSAL ADI
Giriş Elemanı Olarak Kurumsal Ad Veya Yargı Alanı Adı Gazi Üniversitesi
710 ## - KATMA GİRİŞ - KURUMSAL ADI
Giriş Elemanı Olarak Kurumsal Ad Veya Yargı Alanı Adı Türkiye Barolar Birliği
942 ## - EKLENDİ GİRİŞ ELEMANLARI (KOHA)
Sınıflandırma Veya Raf Düzeni Kaynak Dewey Decimal Classification
Koha Öğesi Türü Books
999 ## - SİSTEM KONTROL NUMARALARI (KOHA)
Koha Biblionumber 2475
Koha Biblioitemnumber 2475
Holdings
Kalıcı Konum Mevcut Konum Edinme Tarihi Edinim Kaynak Toplam Check-Out'Lar Tam Çağrı Numarası Barkod Tarih Son Görülme İtibaren Geçerli Fiyatlar Koha Öğesi Türü
CHP Kütüphanesi CHP Kütüphanesi 10/23/2016 Bağış   345.0263 T66t 2004 005492 10/23/2016 10/23/2016 Books